| 000 | 00892nam a22002297a 4500 | ||
|---|---|---|---|
| 999 |
_c16516 _d16516 |
||
| 003 | AR-CdUCM | ||
| 008 | 190503b ||||| |||| 00| 0 spa d | ||
| 040 |
_aMUNICIPALIDAD PROVINCIAL DEL CUSCO _cBIBLIOTECA MUNICIPAL DEL CUSCO |
||
| 041 | _heng. | ||
| 082 |
_a658.8 / _bK92 |
||
| 100 |
_aKrief, Bernard. _936004 |
||
| 245 | _aEl marketing dinamico / | ||
| 260 |
_aMadrid : _bAnaya, _c1972. |
||
| 300 |
_a354 paginas ; _c23 cm. |
||
| 440 |
_aLibros económico/empresariales _936005 |
||
| 505 | _aContenido ;Comprender el marketing --El conocimiento del mercado --La acción sobre el mercado --La elecciones, la preparación de las decisiones ,los modelos --El marketing,encrucijada de las nuevas técnicas ... | ||
| 650 |
_aMercadotecnia _910603 |
||
| 650 |
_aMarketing _912422 |
||
| 700 |
_aEduardo Miro Urrutia (traductor) _936006 |
||
| 942 |
_2ddc _cLIBROS |
||
| 945 |
_arjall _d2019-05-03 |
||